Statistics for Horizon Zero Dawn : Real World Machines

Click here to take the quiz!

General Stats

  • This quiz has been taken 88 times
  • The average score is 13 of 26

Answer Stats

MachineAnimal% Correct
SnapmawCrocodile
83%
ShellwalkerCrab
77%
GrazerDeer
75%
StriderHorse
75%
StormbirdEagle
69%
TallneckGiraffe
66%
SawtoothLion/Tiger
64%
LonglegOstrich
58%
BroadheadBull
56%
ChargerRam
55%
ThunderjawTyrannosaurus Rex
53%
FrostclawBear with Ice Claws
52%
TrampleBison
52%
FireclawBear with Fire Claws
50%
RockbreakerMole
48%
WatcherVelociraptor
44%
Redeye WatcherVelociraptor with a red eye
41%
RavagerLion/Tiger
39%
ScrapperHyena
38%
GlinthawkEagle
34%
BehemothRhinoceros
34%
LancehornAntellope
25%
ScorcherJackal
22%
StalkerTiger
22%
FireBellowbackSpinosaurus with a flamethrower
11%
FreezeBellowbackSpinosaurus with an ice thrower
11%

Score Distribution

Percentile by Number Answered

Percent of People with Each Score

Your Score History

You have not taken this quiz